000 00488nam a2200205 a 4500
003 AR-BaBNM
005 20251128203125.0
008 082120s2002 ||||||||||||||000 | spa||
040 _cAR-BaBNM
100 1 _aPaniagua Torres, Julio
245 0 0 _aTiempo y piel
260 _aBuenos Aires
_bEl autor
_c1957
300 _ap. om.
650 4 _aLITERATURA ARGENTINA
650 4 _aPOESIA
650 4 _aLITERATURA CONTEMPORANEA
655 _aLITERATURA
942 _cBK
998 _cMARTIN
999 _c2012
_d2012